000 00628nam a2200205Ia 4500
001 67446
003 OSt
005 20170412092830.0
008 150604s9999 xx 000 0 und d
020 _aNA
040 _cPK-LaUMT
082 _a 891.4393
_bSHA-M
100 _aShazia Mustafa
245 _a(محبت دل کے صحرا میں )Mohabbat dil kay sehra mein (Urdu)
_c(شازیہ مصطفی)Shazia Mustafa
260 _a(لاہور، پاکستان)Lahore,Pakistan:
_b(طاہر سنز پبلیشرز)Tahir Sons Publishers,
_c2013
501 _a2 vols
546 _aUR
650 _aUrdu literature
942 _cBK
_2ddc
999 _c72822
_d72822